Blackpool - Choix Multiples - Statistiques

Statistiques générales
  • Ce quiz a été pris 15 fois
  • Le résultat moyen est 6 sur 10
Statistiques - réponses
Question Réponse % Correct
Dans quelle nation constitutive du Royaume-Uni se situe Blackpool? Angleterre
93%
Laquelle de ces tours est la Tour de Blackpool?
87%
Quel musée londonien est également implanté à Blackpool? Madame Tussauds
73%
Quelle mer baigne Blackpool? La Mer d'Irlande
67%
Dans quel film de Tim Burton Blackpool apparait-elle? Miss Peregrine et les Enfants particuliers
67%
Quelle actrice native de Blackpool a-t-on pu voir dans la série "Doctor Who?" Jenna Coleman
47%
Quelle pratique est au centre d'un grand concours qui a lieu tous les ans à Blackpool? La danse
47%
Quel joueur de football a remporté le Ballon d'Or alors qu'il jouait au Blackpool FC? Stanley Matthews
47%
Quel membre des Beatles a vécu à Blackpool une partie de son enfance? John Lennon
20%
Quelle entreprise automobile britannique est née à Blackpool? TVR
7%
Aucun quiz correspondant
Distribution des résultats
% des personnes avec chaque résultat
Percentile par nombre de réponses
Votre historique - résultats
Vous n’avez pas pris ce quiz